000 01247nam a2200253Ia 4500
003 Ost
005 20260507075655.0
008 260507s9999||||xx |||||||||||||| ||und||
040 _cfsecg
041 _aara
082 _a658.5
100 _aمحمد اسماعيل، بلال
_eمؤلف
245 0 _aإدارة الانتاج والعمليات :
_bمدخل كمي /
_c بلال محمد اسماعيل
260 _aالاسكندرية:
_bدار الجامعة الجديدة,
_c2004
300 _a399 صفحة؛
_bإيضاحات ؛
_c24 سم
504 _aالمراجع ص.397
520 _aمفاهيم أساسية، تخطيط النشاط الانتاجي: تخطيط النشاط الانتاجي، التنبؤ بالطلب، اختيار موقع المشروع، تنظيم النشاط الانتاجي: العوامل المؤثرة في تنظيم النشاط الانتاجي، تصميم الخط الانتاجي، الجدولة، الرقابة في مجال الانتاج والعمليات
653 _aإدارة الإنتاج
653 _aالانتاج-تخطيط
653 _aالرقابة
653 _aالكفاية الإنتاجية
653 _aبحوث العمليات
942 _cكتاب
999 _c45681
_d45681